000 00733nam a2200205 a 4500
001 000042758
005 20201002040357.0
008 140206s2001 sp 000 0 spa d
020 _a8472328856
040 _aDO-SdBNP
_bspa
_cBNPHU
082 _axxx
_bC568c
100 1 _aCid, Julio
_d1943-
_970097
245 1 0 _aCabaiguán - La Habana - Madrid /
_cJulio Cid.
260 _aMadrid :
_bAgencia Española de Cooperación Internacional,
_bCultura Hispánica,
_c2001.
300 _a130 p. ;
_c20 cm.
490 1 _aEdiciones de cultura hispánica
_ateatro
500 _aIncluye datos biográficos del autor en la solapa de la cubierta
586 _aPremio Tirso de Molina 2000
830 0 _aEdiciones de cultura hispánica
_pteatro
_970098
999 _c42247
_d42247